LEADER 01150nam0-2200325---450- 001 990005790440403321 005 20091216163734.0 035 $a000579044 035 $aFED01000579044 035 $a(Aleph)000579044FED01 035 $a000579044 100 $a19990604e19681802km-y0itay50------ba 101 0 $ager 102 $aBE 105 $ay-------001yy 200 1 $a<>Widerstreit der Vernunft mit sich selbst in der Versöhnungslehre dargestellt und aufgelöst$enebst einem kurzen Entwurf zu einer philosophischen Theorie des Glaubens$fvon Wilhelm Traugot Krug 210 $aBruxelles$cCulture et Civilisation$d1968 215 $aXXII, 105 p.$d19 cm 225 1 $aAetas Kantiana$v160 324 $aRipr. facs. dell'ed.: Züllichau ; Freistadt : Darnmann, 1802 610 0 $aRagione 676 $a121.3 700 1$aKrug,$bWilhelm Traugott$0220514 801 0$aIT$bUNINA$gRICA$2UNIMARC 901 $aBK 912 $a990005790440403321 952 $aP.1 FG 1771$bBIBL. 2536$fFLFBC 959 $aFLFBC 996 $aWiderstreit der Vernunft mit sich selbst in der Versöhnungslehre dargestellt und aufgelöst$9569099 997 $aUNINA LEADER 01646nam 2200457 450 001 9910595574603321 005 20230115220644.0 010 $a9788799539468$b(hf.) 035 $ax953934900 035 $a(DK-810010)010812784KGL01 035 $a(KLYNGE)68904008 035 $a(DK-820010)006404508SOL01 035 $a(DK-870970)53934900 035 $ax238922315 035 $a(DK-810010)010700804KGL01 035 $a(EXLCZ)9924950608600041 100 $a20000000d2018 my| 0 101 0 $adan 200 10$aHvem skal betale skat? $eEU's rolle i kampen for fair skat 210 $a[Allingåbro] $cDEO$d2018 215 $a60 sider 225 $aSamfundstanker ;$v6. 300 $a1. oplag, 1. oplag. 327 $aIndhold: Maria Rosenberg: Statsstøtte eller skattepolitik? - en kamp om ord og milliarder. Staffan Dahllöf: Hvad forhindrer fælles skatteregler? - suveræne stater og låste traktater. Peter Riddersborg: Hvordan beskatter vi IT-giganter? - nye udfordringer i den digitale økonomi. Sarah Dieckmann: Hvordan sikrer vi fair skat? - et spørgsmål om lov og moral. 410 00$aSamfundstanker ;$v6. 610 $askatter. 610 $askattepolitik. 610 $askattevæsen. 610 $aafgifter. 610 $apolitik. 610 $abeskatning. 610 $askatteret. 610 $aEU-landene. 610 $aEuropa. 702 $aDieckmann$b Sarah$4edt 702 $aRiddersborg$b Peter$4edt 702 $aNørlem Sørensen$b Rasmus$4ctb 712 02$aOplysningsforbundet Demokrati i Europa. 912 $a9910595574603321 996 $aHvem skal betale skat?$92920329 997 $aUNINA